A revolução das letras (Registo nº 3674)

Detalhes MARC
000 -Etiqueta do registo
Cabeçalho 00770nam a2200253 4500
005 - Identificador da versão
Campo de controlo 20240902113535.0
010 ## - Número internacional normalizado dos livros (ISBN)
Número (ISBN) 972610825X
021 ## - Número do Depósito Legal
Código do país PT
Número 210414/04
100 ## - Dados gerais de processamento
Dados gerais de processamento 20060503d2004 d y0pory5003 ba
101 0# - Língua de publicação
Língua do texto, banda sonora, etc. Português
102 ## - Pais de publicação ou produção
País de publicação Portugal
200 1# - Titulo e menção de responsabilidade
Título próprio A revolução das letras
Informação de outro título o 25 de Abril explicado às crianças
Primeira menção de responsabilidade Vergílio Alberto Vieira
Outras menções de responsabilidade il. Fedra Santos
205 ## - Menção da edição
Menção da edição 1ª ed
210 ## - Publicação, Distribuição, etc. 
Lugar da edição, distribuição, etc. Porto
Nome do editor, distribuidor, etc. Campo das Letras
Data da publicação, distribuição, etc. 2004
215 ## - Descrição física 
Indicação específica da natureza do documento e extensão da espécie 29 p.
Outras indicações físicas il.
Dimensões 16x22 cm
225 1# - Colecção 
Título próprio da colecção Palmo e meio
Indicação de volume 31
606 ## - Nome comum usado como assunto
Número de registo de entrada de autoridade 0000001
Palavra de ordem Literatura portuguesa
Subdivisão de assunto Conto|2CA
675 ## - Classificação Decimal Universal (CDU)
Notação 821.134.3-34
Edição 3ª ed
Língua da edição por
Notação 94(469)"1974"
Edição 3ª ed
Língua da edição por
700 #1 - Nome de autor-pessoa física (responsabilidade principal)
Número de registo de entrada de autoridade 0000026
Palavra de ordem Vieira
Outra parte do nome não tomada para palavra de ordem Virgílio Alberto
Datas 1950-
702 #1 - Nome de autor-pessoa física (responsabilidade secundária)
Número de registo de entrada de autoridade 0000027
Palavra de ordem Santos
Outra parte do nome não tomada para palavra de ordem Fedra
Código de função Ilustrador / Técnico de desenho computorizado
942 ## - Elementos de entrada adicionados (Koha)
Tipo de item no Koha Livro
Exemplares
Situação do levantamento Origin of item (home branch) (coded) Biblioteca de empréstimo Código de barras Cota Circulation type (not for loan) Tipo de documento Nota do exemplar Damaged status
  Biblioteca Escolar das Vendas Biblioteca Escolar das Vendas BEV1012 8 POR VIE   Livro Sem mensagem  
  Biblioteca Escolar das Vendas Biblioteca Escolar das Vendas BEV1011 8 POR VIE   Livro Sem mensagem  
  Biblioteca Escolar das Vendas Biblioteca Escolar das Vendas BEV1029 8 POR VIE   Livro Sem mensagem  
  Biblioteca Escolar das Vendas Biblioteca Escolar das Vendas BEV1030 8 POR VIE   Livro Sem mensagem  
  Biblioteca Escolar das Vendas Biblioteca Escolar das Vendas BEV1031 8 POR VIE   Livro Sem mensagem